000 00709nas a2200229 4500
001 BR2012004085
003 BR-BrBNA
005 20231205120654.0
007 ta
008 230509b bl.|||p| |||| 00| 00por d
040 _aBR-BrBNA
_bpor
_cBiblioteca Nacional de Agricultura
041 _a(Pt)
072 _aF60
100 1 _aFarias, H.C.
245 1 _aA família POLYTRICHACEAE no Rio Grande do Sul, Brasil, 2. Anatomia do gametófito
650 _aMUSGO
650 _aANATOMIA VEGETAL
650 _aRIO GRANDE DO SUL
773 0 _tIheringia. Série Botânica (Brazil)
_xISSN 0073-4705
_g(Aug 1987), v. 36 p. 75-82
_wBR2012004085
909 _a202311
_bLúcia
_c55
_dLúcia Elande
942 _2AGRIS
_n0
_cANA
999 _c219681
_d219681